Little Nightmares II Trivia - Statistics

General Stats
  • This quiz has been taken 448 times
  • The average score is 16 of 20
Answer Stats
Hint Answer % Correct
Who do you play as? Mono
98%
How many chapters are there? 5
96%
What do you wear on your head? A Paper Bag
96%
Who's your companion you find in the cabin? Six
92%
Who's cabin do you enter? The Hunter
90%
What do you use to kill him? A Shotgun
89%
Who's neck can extent to great lengths? The Teacher
89%
Where are you at the beginning of the game? The Wilderness
86%
What does she play with when you first meet? A Music Box
85%
What does your companion find in the rain? Yellow Raincoat
83%
Who does he capture? Six
81%
You have the ability to travel through what? Televisions
80%
Who drops you at the end of the game? Six
79%
Who is behind the door at the end of the hallway? The Thin Man
74%
Who captures her at the school? Bullies
73%
Who does your character become? The Thin Man
73%
You lock the doctor inside what? Crematory Machine
70%
What creatures crawl around the hospital? Living Hands
68%
What is the final location in the game? The Signal Tower
59%
Who are fixated by the televisions? The Viewers
58%
No matching quizzes found
Score Distribution
Percent of People with Each Score
Percentile by Number Answered
Your Score History
You have not taken this quiz